| 000 | 01398cam a2200265 i 4500 | ||
|---|---|---|---|
| 003 | SA-RiAUC | ||
| 005 | 20260307135912.0 | ||
| 008 | 260220s1905 ua g 0000p ara c | ||
| 040 |
_aSA-RiAUC _bara _cSA-RiAUC _erda |
||
| 082 | 0 | 4 | _a811.1 |
| 090 |
_aم ن 811.1 _bز هـ ي |
||
| 100 | 0 |
_aزهير بن أبي سلمى ربيعة بن رياح المزني، _dتوفي 13 قبل الهجرة _eمؤلف. |
|
| 245 | 1 | 0 |
_aديوان زهير بن أبي سلمى / _cتحقيق أبي الحجاج يوسف بن سليمان بن عيسى الأعلم الشنتمري ؛ جمع محمد بدر الدين أبي فراس النعساني. |
| 264 | 1 |
_a[مكان النشر غير محدد] : _b[الناشر غير محدد]، _c1905 |
|
| 264 | 3 |
_aالقاهرة : _bالمطبعة الحميدية. |
|
| 300 |
_a98 صفحة ؛ _c29 سم |
||
| 336 |
_aنص _btxt _2rdacontent _3كتاب |
||
| 337 |
_aبدون وسيط _bn _2rdamedia |
||
| 338 |
_aمجلد _bnc _2rdacarrier |
||
| 650 | 7 |
_aالشعر العربي _xتاريخ ونقد _yالعصر الجاهلي _2aucsh |
|
| 700 | 1 |
_aالأعلم الشنتمري، يوسف بن سليمان بن عيسى، _d410-476 هجري _eمحقق. |
|
| 700 | 1 |
_aبدر الدين النعساني، محمد بن مصطفى بن رسلان، _d1298-1362 هجري _eجامع. |
|
| 942 |
_2ddc _cRBOOK COPY _n0 |
||
| 949 |
_aSA-JeALM _d260220 _umohamedma123 _n1 |
||
| 999 |
_c14530 _d14530 |
||